| 000 | 00471cam a2200145 4500500 | ||
|---|---|---|---|
| 005 | 20260329014517.0 | ||
| 041 | _afre | ||
| 042 | _adc | ||
| 100 | 1 | 0 |
_aDaudin, Claire _eauthor |
| 245 | 0 | 0 | _aJeanne d’Arc : socialisme et sainteté |
| 260 | _c2025. | ||
| 500 | _a4 | ||
| 786 | 0 | _nRevue des deux Mondes | Octobre | 7 | 2025-10-01 | p. 26-32 | 2266-4734 | |
| 856 | 4 | 1 | _uhttps://shs.cairn.info/revue-revue-des-deux-mondes-2025-7-page-26?lang=fr&redirect-ssocas=7080 |
| 999 |
_c1889666 _d1889666 |
||